NLSUI OPAC header image

Pursuit of destiny / (Record no. 113782)

MARC details
000 -LEADER
fixed length control field 00626cam a2200205 i 4500
003 - CONTROL NUMBER IDENTIFIER
control field OSt
005 - DATE AND TIME OF LATEST TRANSACTION
control field 20260416174034.0
008 - FIXED-LENGTH DATA ELEMENTS--GENERAL INFORMATION
fixed length control field 131008s2013 ii 001 0aeng d
020 ## - INTERNATIONAL STANDARD BOOK NUMBER
International Standard Book Number 9788124117392 (hbk)
082 04 - DEWEY DECIMAL CLASSIFICATION NUMBER
Classification number 330.092 MIS
100 1# - MAIN ENTRY--PERSONAL NAME
Personal name Misra, Baidyanath
245 10 - TITLE STATEMENT
Title Pursuit of destiny /
Statement of responsibility, etc. Baidyanath Misra
264 #1 - PRODUCTION, PUBLICATION, DISTRIBUTION, MANUFACTURE, AND COPYRIGHT NOTICE
Place of production, publication, distribution, manufacture New Delhi :
Name of producer, publisher, distributor, manufacturer Har-Anand Publications,
Date of production, publication, distribution, manufacture, or copyright notice 2013.
300 ## - PHYSICAL DESCRIPTION
Extent 352 p. ;
Dimensions 23 cm.
650 #0 - SUBJECT ADDED ENTRY--TOPICAL TERM
Topical term or geographic name entry element Economists
Geographic subdivision India
-- Odisha
Form subdivision Biography.
650 #0 - SUBJECT ADDED ENTRY--TOPICAL TERM
Topical term or geographic name entry element Educators
Geographic subdivision India
-- Odisha
Form subdivision Biography.
650 #0 - SUBJECT ADDED ENTRY--TOPICAL TERM
Topical term or geographic name entry element Authors, Oriya
Form subdivision Biography.
700 1# - ADDED ENTRY--PERSONAL NAME
Personal name Mohanty, Ashok Kumar,
Relator term translator.
942 ## - ADDED ENTRY ELEMENTS (KOHA)
Source of classification or shelving scheme Dewey Decimal Classification
Koha item type BOOKs
Holdings
Withdrawn status Lost status Source of classification or shelving scheme Materials specified (bound volume or other part) Damaged status Not for loan Home library Current library Shelving location Date acquired Source of acquisition Total Checkouts Full call number Barcode Date last seen Price effective from Koha item type Public note
    Dewey Decimal Classification HB     . . General Stacks 24.07.2019 Gratis   330.092 MIS 37301 24.07.2019 24.07.2019 BOOKs Donated By Vice Chancellor's Office, NLSIU